Normal view
MARC view
- التميمي، عبد الفتاح، م.مشارك عماد محمد ابو عيد
Entry Personal Name
001 - CONTROL NUMBER
- control field: 62159
003 - CONTROL NUMBER IDENTIFIER
- control field: JO-AjAnu
005 - DATE AND TIME OF LATEST TRANSACTION
- control field: 20230606084143.0
008 - FIXED-LENGTH DATA ELEMENTS
- fixed length control field: 230606|| aca||aabn | a|a d
040 ## - CATALOGING SOURCE
- Original cataloging agency: JO-AjAnu
- Transcribing agency: JO-AjAnu
100 ## - HEADING--PERSONAL NAME
- Personal name: التميمي، عبد الفتاح، م.مشارك عماد محمد ابو عيد
670 ## - SOURCE DATA FOUND
- Source citation: Work cat.: (JO-AjAnu)31702: التميمي، عبد الفتاح، م.مشارك عماد محمد ابو عيد , author, شبكات الحاسوب والانترنت خطوة ... خطوة